| 000 | 02597cam a2200337 i 4500 | ||
|---|---|---|---|
| 003 | SA-RiAUC | ||
| 005 | 20241210063257.0 | ||
| 008 | 241209s2008 mk g f10000 ara c | ||
| 024 | 0 | _a00000000979145 | |
| 040 |
_aQA-DoFIS _bara _cSA-RiAUC. _dAE-DuMBRL _erda |
||
| 043 | _aa-mk--- | ||
| 050 | 4 | _bN33 2004 | |
| 082 | 0 | 4 |
_a251.6 _qSA-RiAUC |
| 090 |
_a251.6 _bن د و |
||
| 111 | 2 |
_aندوة تطور العلوم الفقهية في عمان _n(3 : _d2004 : _cمسقط) |
|
| 245 | 1 | 2 |
_aالقواعد الفقهية بين التأصيل والتطبيق : _bبحوث ندوة تطور العلوم الفقهية في عمان خلال القرن الرابع الهجري : القواعد الشرعية أنموذجا / _cوزارة الأوقاف والشؤون الدينية ؛ تنسيق ومراجعة مصطفى بن صالح باجو. |
| 250 | _aالطبعة الثانية. | ||
| 264 | 1 |
_aمسقط : _bوزارة الأوقاف والشؤون الدينية، _c2008. |
|
| 300 |
_a344 صفحة ؛ _c24 × 17 سم |
||
| 336 |
_aنص _btxt _2rdacontent _3كتاب |
||
| 337 |
_aبدون وسيط _bn _2rdamedia |
||
| 338 |
_aمجلد _bnc _2rdacarrier |
||
| 520 | _aيتناول كتاب (القواعد الفقهية بين التأصيل والتطبيق) والذي قام بتأليفه د. مصطفى بن صالح باجو، موضوع (القواعد الفقهية) هذا الكتاب يقدم بحوث ندوة تطور العلوم القهية في عمان خلال القرن الرابع الهجري، "القواعد الشرعية أنموذجا"، وقد سعت وزارة الأوقاف والشؤون الدينية بسلطنة عمان إلى التعريف بجهود هؤلاء العلماء في هذا الميدان الهام، من خلال عرض أبحاثهم التي تضمنها هذا الكتاب، لتثمين هذه البحوث ووضعها بين أيدي الدارسين، حتى تغدو مراجع ترشد الباحثين، وترفد المثقفين بهذا الزاد المعرفي الرصين. | ||
| 650 | 7 |
_aالفقه الإسلامي _zعمان (سلطنة) _vمؤتمرات _2aucsh |
|
| 650 | 7 |
_aأصول الفقه الإسلامي _vمؤتمرات _2aucsh |
|
| 700 | 1 |
_aباجو، مصطفى، _d1964- _eمنسق. |
|
| 710 | 1 |
_aعمان (سلطنة). _bوزارة الأوقاف والشؤون الدينية _eمنظم. |
|
| 942 |
_2ddc _cBOOK _n0 |
||
| 949 |
_aSA-JeALM _d241209 _uosman123 _n1 |
||
| 999 |
_c3231 _d3231 |
||